Cuisine Actuelle [ 410 ]
| Titre : | Cuisine Actuelle [ 410 ] |
|---|---|
| Support : | Livres |
| Langue : | Francais |
| Publié : |
2023 Prisma Paris |
| Genre : |
Revues et magazines |
| Collection : |
Cuisine Actuelle |
| Sujets : | |
| Étiquettes : |
Pas de tags
|
| LEADER | 00819nas0a2200253 450 | ||
|---|---|---|---|
| 001 | 16864384 | ||
| 011 | |b Br. |d 2,9 | ||
| 100 | |a 20250206d2023 u u0frey01 ba | ||
| 101 | 1 | |a fre |c fre | |
| 102 | |a FR | ||
| 110 | 0 | |a afu 0uu0 | |
| 200 | 0 | |a Cuisine Actuelle [ 410 ] |f Gillet Anne | |
| 207 | 1 | |a 410 | |
| 210 | |a Paris |c Prisma |d 2023 | ||
| 215 | |a 1 vol. (86 p.) |c ill. coul. |d 28x21 cm | ||
| 225 | 1 | |a Cuisine Actuelle | |
| 464 | |a Cahier région, le meilleur des Alpes | ||
| 464 | |a Apéro: vive les galettes de sarrasin | ||
| 464 | |a Tendance et gourmand, on fond pour le flan | ||
| 464 | |a Dossier plats d'hiver: 9 classiques revisités | ||
| 676 | |a 070.17 | ||
| 900 | |a Revues et magazines | ||
| 901 | |a Adultes | ||
| 995 | |a Médiathèque |c Médiathèque |f 089020900 |h 089020900 |k 070.17 CUI 410 |o p |q a |r az |e Médiathèque | ||